[Event "Tournament 14473 - Europe Echecs"]
[Site "Europe Echecs"]
[Date "2020.07.11"]
[Round "1"]
[Time "14:00:03"]
[PlyCount "26"]
[White "LecciaThomas"]
[Black "YaylaElif"]
[WhiteElo "1893"]
[BlackElo "1199"]
[Mode "WEB"]
[Result "1-0"]

1. e4 e6 2. d4 d5 3. Bd3 c5 4. exd5 Qxd5 5. Nc3 Qxg2 6. Be4 Qxh1 7. Bxh1 Nf6 8.
Nb5 Na6 9. Bf4 Kd7 10. dxc5+ Ke7 11. c6 bxc6 12. Bxc6 Rb8 13. Qd6# {YaylaElif est échec et mat} 1-0

[Event "Tournament 14473 - Europe Echecs"]
[Site "Europe Echecs"]
[Date "2020.07.11"]
[Round "1"]
[Time "14:00:03"]
[PlyCount "106"]
[White "SoaresDeMeloNa"]
[Black "courjalpauline"]
[WhiteElo "1183"]
[BlackElo "1848"]
[Mode "WEB"]
[Result "1-0"]

1. e4 e6 2. d4 d5 3. Nd2 c5 4. exd5 exd5 5. Bb5+ Bd7 6. Qe2+ Be7 7. Ngf3 a6 8.
Bxd7+ Nxd7 9. c4 dxc4 10. Nxc4 Qc7 11. d5 O-O-O 12. Bd2 b6 13. d6 Bxd6 14. Nxd6+
Qxd6 15. Qxa6+ Kb8 16. g3 Re8+ 17. Kf1 f6 18. Kg2 Qc6 19. Rhe1 Ne7 20. Bf4+ Ne5
21. Bxe5+ fxe5 22. Rxe5 Ng6 23. Rxe8+ Rxe8 24. Qd3 Ne5 25. Qf5 g6 26. Qf4 Kb7
27. Re1 Nd3 28. Qf7+ Ka6 29. Rxe8 Nb4 30. Qe6 Qb7 31. Re7 Qa8 32. Qd7 Nc6 33.
Rxh7 Nd4 34. Qf7 Nc6 35. h4 Ne5 36. Qf6 Ng4 37. Qxg6 Ne5 38. Qf6 Ng4 39. Qf5 Qg8
40. Rh5 Qg7 41. Rg5 Qb7 42. Qxg4 Qc6 43. h5 Qe8 44. Rg6 Qe2 45. Qg5 Qb5 46. h6
Qxb2 47. h7 Qc3 48. Rg7 b5 49. h8=Q b4 50. Qa8+ Kb5 51. Rb7+ Kc4 52. Qf4+ Qd4
53. Qxd4+ {courjalpauline a abandonné} 1-0

[Event "Tournament 14473 - Europe Echecs"]
[Site "Europe Echecs"]
[Date "2020.07.11"]
[Round "1"]
[Time "14:00:03"]
[PlyCount "52"]
[White "SabianiChjara"]
[Black "HalilovicDario"]
[WhiteElo "1842"]
[BlackElo "1170"]
[Mode "WEB"]
[Result "1-0"]

1. d4 d5 2. c4 e6 3. Nc3 Nf6 4. cxd5 exd5 5. Bg5 Be7 6. e3 O-O 7. Bd3 Nc6 8. a3
Bg4 9. Qc2 Ne4 10. Bxe7 Nxe7 11. Nxe4 dxe4 12. Bxe4 c6 13. Bxh7+ Kh8 14. h3 Bh5
15. g4 Bg6 16. Bxg6 Nxg6 17. Qf5 Kg8 18. Nf3 Re8 19. h4 Qb6 20. Ng5 Re7 21.
O-O-O Rd8 22. h5 Nf8 23. h6 Rd5 24. h7+ Kh8 25. Nxf7+ Rxf7 26. Qxf7 {HalilovicDario a abandonné} 1-0

[Event "Tournament 14473 - Europe Echecs"]
[Site "Europe Echecs"]
[Date "2020.07.11"]
[Round "1"]
[Time "14:00:03"]
[PlyCount "62"]
[White "FrancoisGwlady"]
[Black "ChelliliYounes"]
[WhiteElo "1816"]
[BlackElo "1101"]
[Mode "WEB"]
[Result "1-0"]

1. e4 e5 2. Nf3 Nc6 3. Bb5 Nge7 4. O-O a6 5. Ba4 b5 6. Bb3 Bb7 7. Re1 Ng6 8. c3
d6 9. d4 exd4 10. cxd4 Be7 11. Nc3 O-O 12. Nd5 Re8 13. Bd2 Bf6 14. Rc1 h6 15.
Nxf6+ Qxf6 16. d5 Nd4 17. Nxd4 Qxd4 18. Rxc7 Bc8 19. Qc2 Re5 20. Rxc8+ Rxc8 21.
Qxc8+ Kh7 22. Bc3 Qb6 23. Bxe5 dxe5 24. Qc6 Qd8 25. d6 Nf8 26. Bxf7 Qf6 27. Bb3
Ne6 28. Bxe6 Qxe6 29. Qd5 Qd7 30. Qxe5 a5 31. Qf5+ {ChelliliYounes a abandonné} 1-0

[Event "Tournament 14473 - Europe Echecs"]
[Site "Europe Echecs"]
[Date "2020.07.11"]
[Round "1"]
[Time "14:00:03"]
[PlyCount "87"]
[White "RebenaFlorian"]
[Black "CombaudonNatha"]
[WhiteElo "1081"]
[BlackElo "1805"]
[Mode "WEB"]
[Result "0-1"]

1. e4 e6 2. d4 d5 3. e5 c5 4. c3 Nc6 5. Nf3 Bd7 6. g3 Qb6 7. Bg2 Nge7 8. O-O
cxd4 9. cxd4 Nf5 10. Be3 Qxb2 11. Nbd2 Bb4 12. Nb3 Nxe3 13. fxe3 O-O 14. a3 Be7
15. Rf2 Qc3 16. Rc1 Qxe3 17. Nc5 Bxc5 18. dxc5 Nxe5 19. Nxe5 Qxe5 20. Qb3 Bc6
21. Rff1 Rac8 22. Rfe1 Qd4+ 23. Kf1 a6 24. Bh3 Bb5+ 25. Kg2 Rxc5 26. Rxc5 Qxc5
27. a4 Bc6 28. Kf1 Rd8 29. Ke2 Qc4+ 30. Qxc4 dxc4 31. Rc1 Bxa4 32. Rxc4 Bb5 33.
Ke3 Bxc4 34. Bg2 b5 35. Bb7 a5 36. Ba6 a4 37. h4 a3 38. Bxb5 Bxb5 39. g4 a2 40.
h5 a1=Q 41. g5 Qc3+ 42. Kf4 Rd4+ 43. Ke5 Qc5# {RebenaFlorian est échec et mat} 0-1

[Event "Tournament 14473 - Europe Echecs"]
[Site "Europe Echecs"]
[Date "2020.07.11"]
[Round "1"]
[Time "14:00:03"]
[PlyCount "76"]
[White "KrivcenkoAlexa"]
[Black "LiJacques"]
[WhiteElo "1795"]
[BlackElo "1076"]
[Mode "WEB"]
[Result "1-0"]

1. d4 Nf6 2. c4 g6 3. Nc3 Bg7 4. e4 d6 5. Nf3 Nc6 6. h3 O-O 7. Be3 Re8 8. g4 e5
9. d5 Nd4 10. g5 Nh5 11. Rg1 c6 12. Nxd4 exd4 13. Bxd4 c5 14. Bxg7 Kxg7 15. Qd2
f5 16. gxf6+ Nxf6 17. Bd3 Bxh3 18. O-O-O a5 19. Rh1 Bg2 20. Qh6+ Kg8 21. Rh2 Bf3
22. Rg1 Bh5 23. Rxh5 Nxh5 24. Qxh5 Re5 25. Qh6 Qf6 26. f4 Rh5 27. Qxh5 Qxf4+ 28.
Kb1 Qe3 29. Qd1 a4 30. Re1 Qf4 31. Rf1 Qe5 32. Qg4 Qd4 33. Qe6+ Kh8 34. Bc2 Qxc4
35. Qf6+ Kg8 36. Qf7+ Kh8 37. Rh1 a3 38. Qxh7# {LiJacques est échec et mat} 1-0

[Event "Tournament 14473 - Europe Echecs"]
[Site "Europe Echecs"]
[Date "2020.07.11"]
[Round "1"]
[Time "14:00:03"]
[PlyCount "147"]
[White "GerardKelian"]
[Black "GuitouniSoha"]
[WhiteElo "1056"]
[BlackElo "1780"]
[Mode "WEB"]
[Result "0-1"]

1. d4 d5 2. c4 c6 3. e3 Nf6 4. Nc3 Bf5 5. Nf3 e6 6. Be2 Be7 7. h3 O-O 8. Bd3
Bxd3 9. Qxd3 Nbd7 10. e4 dxe4 11. Nxe4 Nb6 12. c5 Nbd5 13. Nfg5 h6 14. Nxf6+
Nxf6 15. Nf3 Bxc5 16. Ne5 Qxd4 17. Qxd4 Bxd4 18. Nf3 Bb6 19. Be3 Bxe3 20. fxe3
Rfd8 21. O-O Rd3 22. Rfe1 Rad8 23. Rab1 Nd5 24. Red1 Nxe3 25. Rxd3 Rxd3 26. Ne5
Rd2 27. a3 Rxg2+ 28. Kh1 Rd2 29. b4 Rd1+ 30. Rxd1 Nxd1 31. Nc4 b6 32. Kg2 Kf8
33. Kf3 Ke7 34. Ke2 Nc3+ 35. Kd3 Nd5 36. Ne5 c5 37. bxc5 bxc5 38. Nc6+ Kd6 39.
Nxa7 Nb6 40. Nb5+ Kc6 41. Nc3 f5 42. Ne2 g5 43. Ng3 Kd5 44. Nh5 c4+ 45. Kc3 g4
46. hxg4 fxg4 47. Nf6+ Kd6 48. Nxg4 h5 49. Nf6 h4 50. Kd2 h3 51. Ng4 Kd5 52. Kc3
e5 53. Nf6+ Ke6 54. Ng4 Kf5 55. Ne3+ Kf4 56. Nf1 Kf3 57. Nd2+ Kg2 58. a4 Nxa4+
59. Kxc4 h2 60. Kd5 h1=Q 61. Kxe5 Qe1+ 62. Ne4 Nc3 63. Kd6 Qxe4 64. Kc5 Kf3 65.
Kd6 Qf5 66. Kc6 Ke4 67. Kd6 Qe5+ 68. Kc6 Kd4 69. Kb6 Qc5+ 70. Kb7 Kd5 71. Ka6
Qb5+ 72. Ka7 Kc6 73. Ka8 Qb7# {GerardKelian est échec et mat} 0-1

[Event "Tournament 14473 - Europe Echecs"]
[Site "Europe Echecs"]
[Date "2020.07.11"]
[Round "2"]
[Time "14:29:18"]
[PlyCount "41"]
[White "TomasiElise"]
[Black "TravadonLoic"]
[WhiteElo "2030"]
[BlackElo "2431"]
[Mode "WEB"]
[Result "0-1"]

1. d4 Nf6 2. Nf3 d6 3. g3 Nbd7 4. Bg2 e5 5. O-O e4 6. Nfd2 d5 7. c4 c6 8. Nc3
Bd6 9. Re1 O-O 10. f3 exf3 11. Bxf3 c5 12. Nxd5 Nxd5 13. cxd5 cxd4 14. Nb3 Ne5
15. Bg2 d3 16. e4 Bg4 17. Qd2 Rc8 18. h3 Bxh3 19. Qg5 Bxg2 20. Qxd8 Nf3+ {TomasiElise a abandonné} 0-1

[Event "Tournament 14473 - Europe Echecs"]
[Site "Europe Echecs"]
[Date "2020.07.11"]
[Round "2"]
[Time "14:29:18"]
[PlyCount "46"]
[White "Razafindratsim"]
[Black "DelinValere"]
[WhiteElo "2336"]
[BlackElo "2043"]
[Mode "WEB"]
[Result "1-0"]

1. e4 c5 2. Nf3 d6 3. d4 cxd4 4. Nxd4 Nf6 5. Nc3 Nc6 6. Bg5 e6 7. Qd2 Be7 8.
O-O-O a6 9. f4 Bd7 10. Nf3 Qc7 11. e5 dxe5 12. fxe5 Ng8 13. Bxe7 Ngxe7 14. Ne4
Nd5 15. Nd6+ Ke7 16. c4 Nb6 17. Qf4 Be8 18. Ng5 h6 19. Ngxf7 Rf8 20. Qh4+ g5 21.
Nxg5 hxg5 22. Qxg5+ Kd7 23. Nb5+ {DelinValere a abandonné} 1-0

[Event "Tournament 14473 - Europe Echecs"]
[Site "Europe Echecs"]
[Date "2020.07.11"]
[Round "2"]
[Time "14:29:18"]
[PlyCount "99"]
[White "DalaudDorian"]
[Black "CavaillesEvan"]
[WhiteElo "2242"]
[BlackElo "2018"]
[Mode "WEB"]
[Result "1/2-1/2"]

1. c4 e5 2. Nc3 Nf6 3. Nf3 Nc6 4. e4 Bb4 5. d3 O-O 6. a3 Bxc3+ 7. bxc3 d6 8. g3
Be6 9. Bg2 Qc8 10. O-O Bh3 11. Rb1 Bxg2 12. Kxg2 b6 13. Bg5 Nd7 14. Qa4 Nd8 15.
Bxd8 Qxd8 16. Qc6 Rc8 17. d4 Qe7 18. a4 a5 19. Rb5 Rfe8 20. dxe5 Nxe5 21. Nxe5
dxe5 22. Rd1 Rcd8 23. Rbd5 Rxd5 24. Rxd5 Rd8 25. h4 g6 26. c5 Rxd5 27. exd5 Qxc5
28. Qe8+ Qf8 29. Qxe5 Qd8 30. Kf3 h5 31. Ke4 Qd7 32. c4 Qg4+ 33. Kd3 Qd1+ 34.
Ke4 Qe2+ 35. Kd4 Qb2+ 36. Ke4 Qe2+ 37. Kd4 Qxf2+ 38. Kc3 Qf3+ 39. Kd4 Qd1+ 40.
Ke3 Qe1+ 41. Kf4 Qf1+ 42. Kg5 Qc1+ 43. Kf6 Qf1+ 44. Ke7 Qxc4 45. Kd7 Qc5 46.
Qe8+ Kg7 47. Qe5+ Kg8 48. Qe8+ Kg7 49. Qe5+ Kg8 {Nulle par répétition} 1/2-1/2

[Event "Tournament 14473 - Europe Echecs"]
[Site "Europe Echecs"]
[Date "2020.07.11"]
[Round "2"]
[Time "14:29:18"]
[PlyCount "95"]
[White "FischerThorang"]
[Black "HingouetMatthi"]
[WhiteElo "1998"]
[BlackElo "2228"]
[Mode "WEB"]
[Result "0-1"]

1. Nf3 Nf6 2. g3 d5 3. Bg2 e6 4. O-O Be7 5. d3 c5 6. Nbd2 Nc6 7. e4 b6 8. Re1
Bb7 9. exd5 Nxd5 10. Nc4 O-O 11. Nfe5 Qc7 12. f4 Nd4 13. c3 Nf5 14. Ne3 Ndxe3
15. Bxe3 Bxg2 16. Kxg2 Rad8 17. Qe2 Rd5 18. Bf2 Rfd8 19. Rad1 Bf6 20. Ng4 Be7
21. Ne5 Bf8 22. g4 Ne7 23. Bg3 Nc6 24. Nc4 Qd7 25. f5 exf5 26. gxf5 Qxf5 27. Rf1
Qg6 28. Rf3 h5 29. Kh1 b5 30. Ne5 Nxe5 31. Bxe5 Re8 32. d4 cxd4 33. cxd4 a6 34.
Qf2 Qe4 35. Re1 Qg6 36. Rg1 Qe6 37. Rfg3 g6 38. Rf3 Rd7 39. Rf6 Qd5+ 40. Rg2 Bg7
41. Rf3 Bxe5 42. dxe5 Rxe5 43. Rg1 Rf5 44. Rf1 Rxf3 45. Qxf3 Qxf3+ 46. Rxf3 Rd1+
47. Kg2 Rd2+ {FischerThorang a abandonné} 0-1

[Event "Tournament 14473 - Europe Echecs"]
[Site "Europe Echecs"]
[Date "2020.07.11"]
[Round "2"]
[Time "14:29:18"]
[PlyCount "80"]
[White "MathieuPhileas"]
[Black "DenningerGael"]
[WhiteElo "2214"]
[BlackElo "1957"]
[Mode "WEB"]
[Result "1-0"]

1. e4 c6 2. Nc3 d5 3. Nf3 e6 4. g3 Nf6 5. exd5 exd5 6. Bg2 Bd6 7. O-O O-O 8. d4
Bg4 9. h3 Bxf3 10. Qxf3 Qc7 11. Bg5 Nbd7 12. Rfe1 Rfe8 13. Bf1 h6 14. Be3 Ne4
15. Nxe4 dxe4 16. Qf5 Re6 17. Bc4 Rf6 18. Qxe4 Bxg3 19. fxg3 Qxg3+ 20. Qg2 Qh4
21. Rf1 Re8 22. Rxf6 Nxf6 23. Bf2 Qh5 24. Re1 Rxe1+ 25. Bxe1 Qd1 26. Qf2 Kh8 27.
Bd3 Qh5 28. Qg3 g6 29. Qe5 Qxe5 30. dxe5 Nd5 31. Bc4 Kg8 32. Bxd5 cxd5 33. Kf2
Kf8 34. Ke3 Ke7 35. Kd4 Ke6 36. b3 g5 37. Bd2 b6 38. b4 a6 39. a4 b5 40. a5 {DenningerGael a abandonné} 1-0

[Event "Tournament 14473 - Europe Echecs"]
[Site "Europe Echecs"]
[Date "2020.07.11"]
[Round "2"]
[Time "14:29:18"]
[PlyCount "90"]
[White "RebutPaul"]
[Black "SayaEthan"]
[WhiteElo "1966"]
[BlackElo "2199"]
[Mode "WEB"]
[Result "1-0"]

1. d4 Nf6 2. Bf4 d5 3. e3 e6 4. Nd2 Bd6 5. Bg3 O-O 6. Ngf3 c5 7. c3 Qc7 8. Ne5
Nfd7 9. f4 f6 10. Nef3 e5 11. fxe5 fxe5 12. dxc5 Nxc5 13. Nb3 Be6 14. Ng5 Qe7
15. Qh5 g6 16. Qh4 Nxb3 17. axb3 Nc6 18. Be2 Rae8 19. O-O-O Bc5 20. Nxe6 Bxe3+
21. Kb1 Qxh4 22. Bxh4 Rxe6 23. Rxd5 g5 24. Bg3 Kg7 25. Rd7+ Re7 26. Bxe5+ Kh6
27. Rd6+ Rf6 28. Rxf6+ Kg7 29. Re6+ Kf7 30. Rxe7+ Kxe7 31. Bg3 Kf6 32. Rf1+ Kg6
33. Bf3 Na5 34. b4 Nb3 35. Be4+ Kh5 36. Rf3 Nd2+ 37. Kc2 Nxf3 38. Bxf3+ g4 39.
Bxb7 Kg5 40. Kd3 Bb6 41. Bd5 h5 42. Ke4 h4 43. Bf4+ Kg6 44. Be6 Kh5 45. Bf7# {SayaEthan est échec et mat} 1-0

[Event "Tournament 14473 - Europe Echecs"]
[Site "Europe Echecs"]
[Date "2020.07.11"]
[Round "2"]
[Time "14:29:18"]
[PlyCount "104"]
[White "JolyJulien"]
[Black "BriandAmaury"]
[WhiteElo "2188"]
[BlackElo "1929"]
[Mode "WEB"]
[Result "1/2-1/2"]

1. Nf3 Nf6 2. c4 c6 3. g3 d5 4. cxd5 cxd5 5. Bg2 Bf5 6. O-O h6 7. d3 e6 8. Nc3
Be7 9. Re1 O-O 10. Nd4 Bg6 11. e4 Nc6 12. Nxc6 bxc6 13. Qa4 Qd7 14. Bf4 Rfd8 15.
Rac1 Ne8 16. b4 Nd6 17. Bxd6 Qxd6 18. b5 d4 19. Ne2 cxb5 20. Qxb5 Rab8 21. Qa4
Qb6 22. h4 e5 23. Bh3 Bb4 24. Rf1 Bh5 25. f3 Qa5 26. Qc2 Bg6 27. f4 f6 28. Be6+
Kh7 29. fxe5 fxe5 30. Bf5 Rb6 31. Kh2 Rf6 32. Bxg6+ Rxg6 33. Rf5 Re8 34. Rcf1
Qb6 35. Ng1 Bc3 36. Nh3 Qd6 37. Qe2 Rb8 38. R1f2 Rb2 39. Qf3 Rxf2+ 40. Nxf2 Qa3
41. Qe2 Qc1 42. Rxe5 Be1 43. Nh3 Bxg3+ 44. Kg2 Bxe5+ 45. Kf3 Rg3+ 46. Kf2 Qh1
47. Ng5+ hxg5 48. Qh5+ Kg8 49. Qe8+ Kh7 50. Qh5+ Kg8 51. Qe8+ Kh7 52. Qh5+ {Nulle par répétition} 1/2-1/2

[Event "Tournament 14473 - Europe Echecs"]
[Site "Europe Echecs"]
[Date "2020.07.11"]
[Round "2"]
[Time "14:29:18"]
[PlyCount "85"]
[White "LecciaAntoine"]
[Black "WeismanNathan"]
[WhiteElo "1950"]
[BlackElo "2186"]
[Mode "WEB"]
[Result "0-1"]

1. d4 Nf6 2. Nf3 g6 3. Nbd2 d5 4. e3 Bg7 5. b4 a5 6. b5 c5 7. bxc6 bxc6 8. Ba3
Ba6 9. Bd3 Nbd7 10. Bxa6 Rxa6 11. Rb1 O-O 12. O-O Re8 13. c4 Nb6 14. Qc2 Ra8 15.
Bc5 Nbd7 16. Ba3 Qc8 17. Rfc1 Qa6 18. cxd5 cxd5 19. Qc6 Qxc6 20. Rxc6 e5 21.
dxe5 Nxe5 22. Nxe5 Rxe5 23. Nf3 Re6 24. Rc2 Ne4 25. Rbc1 h6 26. Bb2 a4 27. Ba3
Rb6 28. h3 g5 29. g4 Rab8 30. Kg2 Kh7 31. Rc7 R8b7 32. R1c2 Rxc7 33. Rxc7 Kg6
34. Ra7 Nc3 35. Bc5 Rb2 36. a3 Ne4 37. Bb4 Rxf2+ 38. Kg1 Rxf3 39. Rxa4 Rxe3 40.
Ra6+ Kh7 41. a4 Bd4 42. Kf1 Rxh3 {LecciaAntoine a abandonné} 0-1

[Event "Tournament 14473 - Europe Echecs"]
[Site "Europe Echecs"]
[Date "2020.07.11"]
[Round "2"]
[Time "14:29:18"]
[PlyCount "75"]
[White "FardetElouan"]
[Black "LecciaThomas"]
[WhiteElo "2163"]
[BlackElo "1893"]
[Mode "WEB"]
[Result "1-0"]

1. e4 e6 2. Qe2 Be7 3. Nf3 d5 4. d3 c5 5. g3 Nc6 6. Bg2 Nf6 7. O-O O-O 8. e5 Nd7
9. c4 d4 10. h4 Qc7 11. Bf4 Qb6 12. b3 Re8 13. Nbd2 Nf8 14. h5 f6 15. exf6 Bxf6
16. Ne4 e5 17. Nxf6+ gxf6 18. Bh6 Bg4 19. Qe4 Bxh5 20. Nh4 Bg6 21. Qg4 Ne7 22.
f4 f5 23. Qg5 Kf7 24. fxe5 Qe6 25. Rae1 Nd7 26. g4 Rg8 27. Bd5 Nxd5 28. cxd5
Qxd5 29. e6+ Ke8 30. exd7+ Kxd7 31. Qe7+ Kc6 32. Re6+ Kb5 33. Re5 Qc6 34. Nf3
Rad8 35. Rc1 b6 36. Qxa7 Kb4 37. Bd2+ Kb5 {LecciaThomas a abandonné} 1-0

[Event "Tournament 14473 - Europe Echecs"]
[Site "Europe Echecs"]
[Date "2020.07.11"]
[Round "2"]
[Time "14:29:18"]
[PlyCount "79"]
[White "ChabaudMathis"]
[Black "KuhnClement"]
[WhiteElo "1920"]
[BlackElo "2150"]
[Mode "WEB"]
[Result "0-1"]

1. d4 Nf6 2. Bf4 g6 3. Nc3 d5 4. e3 Bg7 5. h4 c6 6. Qd2 h5 7. Nf3 Qa5 8. Ne5
Nfd7 9. Bd3 Nxe5 10. Bxe5 Bxe5 11. dxe5 Nd7 12. e6 Ne5 13. exf7+ Kxf7 14. O-O-O
Be6 15. Kb1 Rhf8 16. f3 Kg7 17. Ne2 Qxd2 18. Rxd2 Bf5 19. Nf4 Nxd3 20. Nxd3 Kf6
21. f4 Bxd3 22. Rxd3 e5 23. Rf1 exf4 24. Rxf4+ Ke5 25. g3 Rxf4 26. exf4+ Ke4 27.
Kc1 c5 28. Kd2 d4 29. c3 Rd8 30. cxd4 Rxd4 31. Rxd4+ cxd4 32. b4 b5 33. Ke2 d3+
34. Kd2 Kd4 35. a3 a6 36. g4 hxg4 37. f5 gxf5 38. h5 Ke5 39. h6 Kf6 {ChabaudMathis a abandonné} 0-1

[Event "Tournament 14473 - Europe Echecs"]
[Site "Europe Echecs"]
[Date "2020.07.11"]
[Round "2"]
[Time "14:29:18"]
[PlyCount "108"]
[White "RobertMathias"]
[Black "SabianiChjara"]
[WhiteElo "2140"]
[BlackElo "1842"]
[Mode "WEB"]
[Result "1-0"]

1. e4 c5 2. Nf3 Nc6 3. d4 cxd4 4. Nxd4 e5 5. Nb5 d6 6. c4 Be7 7. N1c3 a6 8. Na3
f5 9. Bd3 f4 10. g3 Nf6 11. gxf4 exf4 12. Bxf4 O-O 13. Bg3 Bh3 14. Nc2 Ng4 15.
f4 Bh4 16. Qd2 Nh6 17. O-O-O Bxg3 18. hxg3 Bg4 19. Rdf1 Qa5 20. Be2 Bxe2 21.
Qxe2 Rac8 22. Rh5 Qc7 23. g4 Ne7 24. g5 Nf7 25. Ne3 b5 26. Rfh1 h6 27. gxh6 Nxh6
28. f5 d5 29. Qg2 Qf4 30. Rxh6 Qxe3+ 31. Kb1 dxe4 32. f6 Nf5 33. f7+ Kxf7 34.
Qg6+ Ke7 35. Qe6+ Kd8 36. Rd1+ Nd4 37. Qd6+ Ke8 38. Re6+ Kf7 39. Re7+ Kg8 40.
Qd5+ Kh7 41. Rxe4 Qh6 42. Rexd4 Rf2 43. Rh1 Rh2 44. Rxh2 Qxh2 45. Qf5+ Kh6 46.
Qxc8 Qg1+ 47. Rd1 Qg6+ 48. Ka1 Qc2 49. Rh1+ Kg5 50. Qd8+ Kf4 51. Qd4+ Kf5 52.
Rf1+ Ke6 53. Qe4+ Kd7 54. Qxc2 {SabianiChjara a abandonné} 1-0

[Event "Tournament 14473 - Europe Echecs"]
[Site "Europe Echecs"]
[Date "2020.07.11"]
[Round "2"]
[Time "14:29:18"]
[PlyCount "61"]
[White "LarmetNino"]
[Black "FereyAntonin"]
[WhiteElo "1818"]
[BlackElo "2138"]
[Mode "WEB"]
[Result "0-1"]

1. e4 e5 2. Nf3 Nc6 3. Bb5 a6 4. Ba4 Nf6 5. O-O Be7 6. d3 b5 7. Bb3 d6 8. a3 O-O
9. Nc3 Bg4 10. Be3 Nd4 11. Bxd4 exd4 12. Nd5 c6 13. Nf4 g5 14. Ne2 Bxf3 15. gxf3
Nh5 16. Qd2 Bf6 17. Kh1 Kh8 18. Rg1 h6 19. h4 Qd7 20. Kh2 Be5+ 21. Ng3 Bf4 22.
Qe1 gxh4 23. Qf1 hxg3+ 24. fxg3 Nxg3 25. Rxg3 Rg8 26. Qc1 Bxg3+ 27. Kg2 Bf4+ 28.
Kf2 Bxc1 29. Rxc1 Qh3 30. Rg1 Rxg1 {LarmetNino a abandonné} 0-1

[Event "Tournament 14473 - Europe Echecs"]
[Site "Europe Echecs"]
[Date "2020.07.11"]
[Round "2"]
[Time "14:29:18"]
[PlyCount "45"]
[White "CombaudonNatha"]
[Black "DavidBogdanEma"]
[WhiteElo "1805"]
[BlackElo "2092"]
[Mode "WEB"]
[Result "0-1"]

1. c4 g6 2. d4 Bg7 3. e4 d6 4. Nc3 Nc6 5. Be3 e5 6. d5 Nd4 7. Nge2 Nxe2 8. Bxe2
Nf6 9. O-O O-O 10. b4 a5 11. Qb3 axb4 12. Qxb4 b6 13. f3 Nh5 14. a4 Nf4 15. a5
Qg5 16. Rf2 Nh3+ 17. Kf1 Qxe3 18. gxh3 Bxh3+ 19. Ke1 Bh6 20. Nd1 Qd4 21. Ra2
bxa5 22. Rxa5 Rab8 {CombaudonNatha a abandonné} 0-1

[Event "Tournament 14473 - Europe Echecs"]
[Site "Europe Echecs"]
[Date "2020.07.11"]
[Round "2"]
[Time "14:29:18"]
[PlyCount "62"]
[White "RachidAlexandr"]
[Black "KrivcenkoAlexa"]
[WhiteElo "2079"]
[BlackElo "1795"]
[Mode "WEB"]
[Result "1-0"]

1. e4 c5 2. Nf3 Nc6 3. Bb5 Nf6 4. Nc3 g6 5. O-O Bg7 6. h3 O-O 7. e5 Ne8 8. Re1
Nc7 9. Bf1 d5 10. exd6 exd6 11. d3 d5 12. Bg5 Qd6 13. Qd2 Ne6 14. Bh6 Ncd4 15.
Nxd4 cxd4 16. Ne2 Bd7 17. Bxg7 Kxg7 18. g3 Rac8 19. Bg2 Rc7 20. c3 Rfc8 21. Rac1
Bb5 22. cxd4 Rxc1 23. Rxc1 Rxc1+ 24. Qxc1 Bxd3 25. Nc3 Nxd4 26. Qe3 Nf5 27. Qxd3
Qe5 28. Nxd5 Qxb2 29. Qc3+ Qxc3 30. Nxc3 b5 31. Nxb5 {KrivcenkoAlexa a abandonné} 1-0

[Event "Tournament 14473 - Europe Echecs"]
[Site "Europe Echecs"]
[Date "2020.07.11"]
[Round "2"]
[Time "14:29:18"]
[PlyCount "93"]
[White "GuitouniSoha"]
[Black "RobertYoann"]
[WhiteElo "1780"]
[BlackElo "2071"]
[Mode "WEB"]
[Result "0-1"]

1. e4 c5 2. Nf3 Nf6 3. e5 Nd5 4. c3 Nc6 5. d4 cxd4 6. cxd4 d6 7. exd6 Qxd6 8.
Nc3 Nxc3 9. bxc3 e6 10. Bd3 Be7 11. O-O O-O 12. a4 b6 13. Qc2 h6 14. Ba3 Qc7 15.
Bxe7 Qxe7 16. Be4 Bb7 17. Rfe1 Qd6 18. Rad1 Na5 19. Bxb7 Nxb7 20. Qd3 Rac8 21.
Rc1 Na5 22. Ne5 Nc6 23. Nxc6 Rxc6 24. Ra1 Rfc8 25. Rec1 Qd5 26. Rab1 Qc4 27.
Qxc4 Rxc4 28. a5 Rxc3 29. Rxc3 Rxc3 30. axb6 axb6 31. Kf1 Rc6 32. Ke2 Kf8 33.
Ke3 Ke7 34. Ra1 Rc7 35. Rb1 Rb7 36. g3 Kd6 37. Kd3 b5 38. f4 Kd5 39. g4 b4 40.
Rb3 f5 41. gxf5 exf5 42. h4 h5 43. Rb1 b3 44. Kc3 b2 45. Kd3 Rb8 46. Kc3 Ke4 {GuitouniSoha a abandonné} 0-1

[Event "Tournament 14473 - Europe Echecs"]
[Site "Europe Echecs"]
[Date "2020.07.11"]
[Round "2"]
[Time "14:29:18"]
[PlyCount "60"]
[White "EllisAntoine"]
[Black "SoaresDeMeloNa"]
[WhiteElo "2066"]
[BlackElo "1183"]
[Mode "WEB"]
[Result "1-0"]

1. d4 Nf6 2. c4 e6 3. Nc3 c5 4. d5 exd5 5. cxd5 d6 6. e4 Be7 7. Bd3 a6 8. a4 Ng4
9. h3 Ne5 10. Be2 f5 11. exf5 Bxf5 12. Nf3 Bf6 13. O-O O-O 14. Be3 Nbd7 15. Qd2
Nb6 16. Nxe5 Bxe5 17. Bg5 Qd7 18. a5 Nc8 19. g4 Bg6 20. f4 Bd4+ 21. Kg2 Ne7 22.
f5 Bf7 23. Bf3 b5 24. axb6 Qb7 25. Rae1 Nxd5 26. Re7 Qc6 27. Rxf7 Ne3+ 28. Bxe3
Bxe3 29. Rxf8+ Rxf8 30. Qxe3 {SoaresDeMeloNa a abandonné} 1-0

[Event "Tournament 14473 - Europe Echecs"]
[Site "Europe Echecs"]
[Date "2020.07.11"]
[Round "2"]
[Time "14:29:18"]
[PlyCount "95"]
[White "RusuCarloman"]
[Black "DroinAugustin"]
[WhiteElo "1357"]
[BlackElo "2313"]
[Mode "WEB"]
[Result "0-1"]

1. e4 c5 2. Nf3 d6 3. d4 cxd4 4. Nxd4 Nf6 5. Nc3 a6 6. Be3 e5 7. Nf3 Be7 8. Bc4
O-O 9. O-O b5 10. Bb3 Bb7 11. Nd5 Nxe4 12. Nxe7+ Qxe7 13. Bd5 Rd8 14. Qd3 Nf6
15. Bxb7 Qxb7 16. Bg5 e4 17. Qd4 Nc6 18. Qc3 b4 19. Qe3 exf3 20. Bxf6 gxf6 21.
Qxf3 Rac8 22. Rad1 Qb5 23. Rd5 Qc4 24. Rfd1 Ne5 25. Qxf6 Qxc2 26. f4 Ng6 27. f5
Re8 28. fxg6 hxg6 29. Rxd6 Qe4 30. Rd7 Qe3+ 31. Qf2 Rc2 32. Qxe3 Rxe3 33. R1d2
Re2 34. Rxe2 Rxe2 35. Ra7 Rxb2 36. Rxa6 Kg7 37. Rb6 g5 38. Kf1 f6 39. h3 Kg6 40.
g4 Kg7 41. Ke1 Kf7 42. Kd1 Kg6 43. Kc1 Rxa2 44. Rxb4 Ra3 45. Kc2 Rxh3 46. Rb3
Rxb3 47. Kxb3 f5 {RusuCarloman a abandonné} 0-1

[Event "Tournament 14473 - Europe Echecs"]
[Site "Europe Echecs"]
[Date "2020.07.11"]
[Round "2"]
[Time "14:29:18"]
[PlyCount "65"]
[White "EricAndrianaFi"]
[Black "BuffinJean"]
[WhiteElo "1401"]
[BlackElo "1711"]
[Mode "WEB"]
[Result "0-1"]

1. e4 e5 2. Nf3 Nc6 3. Bc4 Bc5 4. d3 Nf6 5. c3 d6 6. O-O O-O 7. Nbd2 Ne7 8. Bb3
Ng6 9. Bc2 Be6 10. d4 Bb6 11. Re1 Nf4 12. Nf1 N6h5 13. Ng3 Nxg3 14. hxg3 Ng6 15.
Be3 f5 16. Bg5 Qd7 17. exf5 Bxf5 18. Bxf5 Qxf5 19. Qb3+ Kh8 20. Rad1 e4 21. Nh4
Qxf2+ 22. Kh2 Nxh4 23. Bxh4 e3 24. Qe6 Rae8 25. Be7 Rf7 26. Rxe3 Rfxe7 27. Qxe7
Rxe7 28. Rxe7 h6 29. Rde1 c5 30. R1e2 Qf5 31. dxc5 Bxc5 32. Rxb7 Qh5# {EricAndrianaFi est échec et mat} 0-1

[Event "Tournament 14473 - Europe Echecs"]
[Site "Europe Echecs"]
[Date "2020.07.11"]
[Round "2"]
[Time "14:29:18"]
[PlyCount "87"]
[White "SwietlikCharle"]
[Black "RubsamenAnais"]
[WhiteElo "1388"]
[BlackElo "1692"]
[Mode "WEB"]
[Result "0-1"]

1. e4 g6 2. d4 Bg7 3. Be3 c6 4. Nc3 d5 5. Bd3 e5 6. Nf3 Bg4 7. h3 Bxf3 8. Qxf3
exd4 9. Bxd4 Bxd4 10. O-O Bxc3 11. bxc3 Qf6 12. Qg4 Nh6 13. Qc8+ Qd8 14. Qxb7
Nd7 15. exd5 O-O 16. Qxc6 Ne5 17. Qa4 Nxd3 18. cxd3 Qxd5 19. Qd4 Qxd4 20. cxd4
Nf5 21. Rfe1 Nxd4 22. Re4 Rad8 23. Rae1 Nc6 24. R1e3 Kg7 25. d4 Nxd4 26. Rd3
Ne2+ 27. Rxe2 Rxd3 28. Kh2 Rc8 29. Rb2 Ra3 30. f3 Rc1 31. Kg3 Rc4 32. Kf2 Rca4
33. Kg3 Rxa2 34. Rb3 a5 35. Re3 R2a3 36. Re7 Rd4 37. Kf2 Rdd3 38. Re2 a4 39. Rb2
Rdb3 40. Rc2 Ra1 41. Ke2 a3 42. Kd2 Rb2 43. Rxb2 axb2 {SwietlikCharle a abandonné} 0-1